Länder in einer Weihnachtsszene - Statistiken

Allgemein
  • Dieses Quiz wurde 6.421 mal gespielt
  • Das Durchschnittsergebnis liegt bei 15 aus 20
Antworten auf der Karte
Die Antworten werden auf der Karte rot bzw. grün angezeigt, abhängig davon wie oft sie richtig erraten wurden.
 
Antwortstatistiken
Country % Korrekt
Schweden
99%
Finnland
98%
Vereinigtes Königreich
98%
Island
95%
Kanada
93%
Vatikanstadt
93%
Tunesien
85%
Bhutan
82%
Japan | Bangladesch
81%
Armenien
77%
Barbados
77%
Australien
74%
China
70%
Haiti
64%
Eswatini
61%
Vietnam
60%
Marshallinseln
53%
Libanon
51%
Pakistan
48%
Grenada
16%
Keine übereinstimmenden Quizze gefunden
Verteilung der Resultate
Anzahl Personen mit jedem Resultat
Perzentil nach korrekt beantworteten Fragen
Ihre Resultats-Entwicklung
Sie haben dieses Quiz noch nicht gespielt